000 00468nam a2200157 4500
001 120721
003 ES-MaACL
005 20230906191617.0
007 t|
008 070214s1911 sp r ||||1| spa d
100 1 _aPrado y Lara, Francisco del.
_993627
245 1 3 _aLa sucesión del Estado
_b: tesis doctoral /
_cFrancisco del Prado y Lara.
260 _aMadrid :
_b[s. n.],
_c1911 (
_fImp. Helénica)
502 _aTesis doctoral.
852 _aES-MaACL
_jT-1309-F-5
999 _c120721
_d120721